Philosophies et doctrines - Statistiques

Statistiques générales
  • Ce quiz a été pris 273 fois
    221 depuis la dernière actualisation
  • Le résultat moyen est 13 sur 99
Statistiques - réponses
Hint Réponse % Correct
Philosophie métaphysique proposant que tout événement, mêmes les pensées, sont causalement déterminés par une chaîne ininterrompus d'évènements passés. Déterminisme
49%
L'absence de croyances en un ou des Dieux. Athéisme
46%
Philosophie éthique et épistémologique selon laquelle toute pensée philosophique devrait commencer par les expériences individuelles et qu'il est de la liberté de chacun d'en donner sens et authenticité. Existentialisme
46%
Doctrine épistémologique selon laquelle toute connaissance devrait provenir d'expériences sensorielles et d'évidences observables, plutôt que l'intuition ou des hypothèses pré-conçues. Empirisme
43%
Doctrine éthique selon laquelle la contenance physique et émotionnelle peut mener à une paix et une force interne offrant une existence plus épanouie. Stoïcisme
43%
Perspective selon laquelle l'univers et l'existence humaine est dépourvue de sens, but, vérité ou valeur. Nihilisme
40%
Philosophie métaphysique stipulant que la seule chose pouvant être considérée comme existant réellement est la matière. Que tout phénomène est composé de matière et est le résultat des interactions de cette matière. Matérialisme
39%
Théorie épistémologique postulant que la raison humaine est la source de toute connaissance. Rationalisme
38%
Philosophie dictant que la recherche de plaisir est le but ultime de la vie et le plus grand bien. Hédonisme
37%
La pratique épistémologique et méthodique du doute par rapport à toute connaissance. Scepticisme
31%
Doctrine éthique visant la maximisation du bien-être pour le plus grand nombre. Utilitarisme
31%
La supposition qu'aucune vérité ou croyance ne peut contenir de vérité absolue. Telle vérité n'ayant une valeur seulement dans un certain contexte ou cadre de référence. Relativisme
30%
Philosophie épistémologique et métaphysique qui affirme que la réalité est fondamentalement basée et formée par les idées et les expériences mentales, plutôt que les forces matérielles. Idéalisme
29%
Philosophie selon laquelle toute entité est caractérisée par un ensemble d'attributs essentiels nécessaires à son identité et à sa fonction1 Essentialisme
26%
Philosophie éthique considérant la nature humaine comme source de moralité Humanisme
26%
Doctrine épistémologique dictant que la seule connaissance authentique est issue de la méthode scientifique. Positivisme
25%
Philosophie morale et politique concernés par les expériences des femmes en société ayant l'intention d'éradiquer les inégalités de genres. Féminisme
24%
L'opposition à l'idée d'État comme mode de gouvernance, défendant une société basée sur des relations non hiérarchisées. Anarchisme
22%
Doctrine éthique jugeant la moralité d'une action ou d'une politique selon ses conséquences et répercussions. Conséquentialisme
22%
Position philosophique selon laquelle le naturel est indistingué du surnaturel et que les deux peuvent être étudiés selon les même méthodes. Naturalisme
22%
Idée politique et éthique opposé à la guerre et la violence. Tout défense de la violence ou de la force comme moyen de persuasion y est vu comme moralement mauvaise. Pacifisme
22%
Système économique et politique placant la production de biens pour du profit au travers de la propriété privé comme la valeur suprême. Capitalisme
20%
Perspective métaphysique selon laquelle tout concept dans l'univers est fondamentalement constitué de deux qualités opposées. Dualisme
20%
Idéologie politique défendant que tout individu devrait être traiter équitablement. Égalitarisme
19%
Idéologie supportant l'utilisation de la technologie pour améliorer le potentiel humain et en éliminer les aspects négatifs de sa nature. Transhumanisme
19%
Théorie épistémologique reposant sur la perspective que la réalité et nos outils de mesures de celle-ci sont issus de l'esprit humain et sont donc des constructions subjectives. Constructivisme
18%
Position politique protégeant les droits individuels avant ceux du groupe ou de l'état. Individualisme
18%
Perspective métaphysique affirmant l’existence d’une réalité extérieure et indépendante de l'esprit. Réalisme
18%
Croyance qu'il existe des principes philosophique ayant une valeur et application universelle. Universalisme
17%
Le postulat que toute tentative de l'homme de trouver un sens à l'existence est vouée à l'échec, car il n'existe aucun sens dans l'univers Absurdisme
16%
Croyance métaphysique que seul le pire est possible, que ce monde est le pire des mondes possibles. Pessimisme
16%
Doctrine éthique jugeant les actions et politiques selon leur capacité à produire du bonheur. Le bonheur est la finalité de la vie humaine. Eudémonisme
15%
Idéologie politique et économique selon laquelle les moyens de production sont la propriété et controlés par le peuple. Socialisme
15%
Adhérence inflexible à une doctrine ou idéologie qui suppose une « vérité » décisive, universelle, immuable et incontestable. Dogmatisme
14%
Habileté des êtres conscients à prendre leur propre désicison, libres de toutes contraintes sociales, morales ou politiques. Libre Arbitre
13%
Proposition métaphysique que ce monde est le meilleur des mondes possibles et que le bien y occupe une plus grande place que le mal. Optimisme
13%
Doctrine éthique jugeant la moralité d'une action ou d'une politique selon sa conformité à un système de valeurs et principes prédéfinis. Déontologisme
12%
Absence de croyance dans les valeurs d'abnégation et humanistes. Croyance que les individus sont dirigés par leurs intérêts personnels avant tout. Cynisme
11%
Position éthique selon laquelle les être conscients devraient se diriger avant tout selon leur propre confort et intérêts personnels. Égoïsme
11%
Supposition métaphysique selon laquelle tout évènement est défini par une finalité pré-déterminée, et que tout les événements menant à cette finalité s'y adaptent. Finalisme
11%
Attitude philosophique ou religieuse fondée davantage sur le sentiment et l'intuition que sur la connaissance rationnelle, et qui a pour objet l'union intime et directe entre l'homme et la divinité. Mysticisme
11%
Théorie dictant que les phénomènes individuels ne peuvent être compris sans passer par une compréhension de la structure plus large du contexte et des relations du sujet. Structuralisme
11%
Position épistémologique selon laquelle le mental est la seule preuve indubitable de l'existence, et tout ce qui existe n'a de réalité et/ou de valeur qu'en fonction d'un sujet pensant, d'une conscience qui les lui donne. Subjectivisme
11%
Croyance en l'existence d'une ou de divinités séparées et activent dans l'uivers Théisme
11%
Théorie métaphysique selon laquelle des forces vitales sont actives dans les organismes vivants, et que la vie ne peut être exclusivement expliquée par sa matière et ses mécanismes Vitalisme
11%
Doctrine morale encourageant à s'abstenir des plaisirs mondains afin de poursuivre une existence plus vertueuse et éclairée. Ascétisme
10%
Organisation sociétale au travers de fermes mesures envers son peuple. Autoritarisme
10%
L'idée que la nature des phénomènes complexes peut toujours se réduire et être expliqué par des principes plus simples et fondamentaux. Réductionnisme
10%
Croyance que les esprit des morts peuvent être contactés par certains médiums et que leur guidance possède une valeur significative. Spiritualisme
10%
Idéologie politique selon laquelle l'état encourage l'identité et la loyauté nationale afin de mobiliser la population. Totalitarisme
10%
La pratique et le principe d'agir pour le bénéfice des autres, n'attendant rien en retour. Altruisme
9%
Théorie métaphysique selon laquelle les propriétés d'un système ne peuvent être compris uniquement par la somme de ses parties, mais par son comportement en tant qu'unité globale. Holisme
9%
Théorie épistémologique selon laquelle un phénomène ne peut être compris adéquatement que dans les contexte de son occurence. Contextualisme
8%
Tendance à considérer le monde ou d'autres groupes sociaux en prenant comme référence sa propre culture ou son propre groupe social. Prévalence des normes sociales de son pays. Ethnocentrisme
8%
Croyance théologique et métaphysique qu'il n'y a qu'une seule essence, substance ou énergie à l'origine de tout phénomène. Monisme
8%
Philosophie théologique selon laquelle la nature et Dieu serait la même entité. Que tout dans l'univers est divin et Dieu est dans l'intégralité du monde. Panthéisme
8%
Attitude épistémologique du sujet pensant pour qui sa conscience propre est l'unique réalité, les autres consciences et le monde extérieur n'étant que des représentations incertaines. Solipsisme
8%
Attitude philosophique consistant à sélectionner dans plusieurs philosophies les éléments qui paraissent intéressants pour constituer un système propre complet. Éclétisisme
7%
La croyance que nos efforts devraient se concentrer autour de la création et de la jouissance de la beauté sous toutes ses formes. Esthétisme
7%
Doctrine philosophique selon laquelle certaines idées ou structures mentales sont innées, c'est-à-dire présentes dans l'esprit humain sans être le résultat d'un apprentissage Innéisme
7%
Idéologie politique pronant une stricte adhérence à un texte législatif. Légalisme
7%
Doctrine philosophique qui considère que les concepts sont des constructions humaines et que les noms qui s'y rapportent ne sont que conventions de langage. Les êtres ne sont pas intrinsèquement porteurs de concepts par lesquels nous les appréhendons. Nominalisme
7%
En éthique, croyance que certains actes ou politique peuvent être objectivement bons ou mauvais. Objectivisme
7%
Idée éthique et épistémologique accordant une place centrale à la praticalité dans la vision de la vérité et du sens. Pratique et théorie devraient être intiment liés. Pragmatisme
7%
Théorie sociale proposant que le genre et l'orientation sexuelle seraient déterminés par la génétique ou la biologie, mais aussi par d'autres facteurs, tel que la symbolique ou l'expérience personnelle. Queer
7%
Idéologie politique selon laquelle le gouvernement et les institutions religieuses devraient être complètement séparées. Sécularisme
7%
Idéologie plaçant le groupe en prévalence à l'individu. Le bien commun du groupe prédomine au bien des individus en faisant partie. Collectivisme
6%
La théorie que pour expliquer un évènement historique il faut comprendre le contexte philosophique de l'époque plutôt que de l'analyser avec des concepts intemporels. Historicisme
6%
Conviction que l'existence humaine est la raison ultime derrière l'existence de l'univers. Anthropocentrisme
5%
Courant philosophique et physique affirmant que la matière est discontinue et composée d'éléments indissociables et indestructibles. Atomisme
5%
Dans telle école de pensée, toutes les différentes perspectives et actions sont intrinsèquement vraies/fausses, bonnes/mauvaises. Absolutisme
4%
Persperctive défendant que dans tout produit culturel, c'est la forme qui donne le sens de l'oeuvre plutôt que son contenu. Formalisme
4%
Théorie métaphysique affirmant que tout phénomène naturel peut être expliqué par des causes physiques et compris par l'analyse de ses parties et fonctions. Mécanisme
4%
Philsophie selon laquelle toutes les idées viennent de différentes perspectives, sont issus de motifs spécifiques et que n'importe quel jugement éthique peut être posé selon différents points de vues. Perspectivisme
4%
Idéologie politique selon laquelle le paradis est possible sur terre. Utopie
4%
Supposition selon laquelle les jugements moraux des individus sont l'expression de leur subjectivité tentant de changer les actions ou attitudes des autres. Émotivisme
3%
Théorie métaphysique niant l'existence d'un monde matériel et décrivant une collection d'illusions partagées et formées par la conscience humaine. Illusionisme
3%
Philosophie métaphysique stipulant que le temps n'est qu'une autre dimension, que les événements furturs existent déjà et que tout points dans le temps sont également rééls. Éternalisme
2%
Les doctrines épistémologique selon laquelle la raison ne peut connaître la réalité (ou n’en peut connaître qu’une partie) parce que la réalité n'est pas connaissable par la raison, mais par d’autres modes de connaissance, en particulier par l’intuition ou le « sentiment intérieur ». Irrationalisme
2%
Théorie théologique niant la causalité des événements mondains. Croyance que Dieu ou un pouvoir supérieur est la cause de tout évènement. Occasionalisme
2%
Philsophie reconaissant la diversité des perspectives de toute école de pensée et cherchant à unifier ces différences de point de vue. Pluralisme
2%
Philosophie politique tenant pour acquis que les sociétés devraient continuellement se reformer afin de perfectionner son mode de gouvernance et son tissu sociétal. Reconstructivisme
2%
Tentative épistémologique de reconcilier des croyances et philosophies disparates ou contradictoires en une seule structure cohérente. Syncrétisme
2%
Théorie qui considère que la question de l'existence ou de l'inexistence de dieu ne possède pas d'intérêt ni d'utilité pratique. Apathéisme
1%
La théorie que le libre arbitre et le déterminisme sont compatibles. Un choix aurait pu être différent si les circonstances précédentes avaient été différentes. Compatibilisme
1%
Doctrine axée sur la critique des suppositions et idées formant la base de notre compréhension du monde. Déconstructivisme
1%
Philosophie épistémologique selon laquelle la connaissance devrait être acquise d'abord par la proposition d'une hypothèse, puis la tentative de la réfuter par des tests empiriques. Déductionisme
1%
Philosophie métaphysique selon laquelle les événements physiques ont un impact sur les processus mentaux, mais pas inversement. Épiphénoménalisme
1%
Position métaphysique proposant que l'esprit humain et la conscience sont plus que le résultat du système nerveux et du cerveau, et existeraient en leur dehors. Externalisme
1%
Théorie métaphysique attribuant vie à toute matière et que la vie est inséparable de la matiere. Hylozoïsme
1%
Idée métaphysique selon laquelle il existe des événements sans causalités. Indéterminisme
1%
Doctrine épistémologique basant les hypothèses scientifiques selon les masses d'observations des expériences précédentes. Inductivisme
1%
Théorie épistémologique affirmant que la vérité des connaissances est insignifiante et que la connaissance devrait être jugée selon son utilité. Instrumentalisme
1%
Thèse métaphysique et épistémologique qui affirme qu'une partie de la réalité échappe nécessairement à notre compréhension, car les capacités cognitives de notre espèce sont naturellement limitées. La nature de la conscience appartiendrait à cette dimension de la réalité inaccessible et le problème de la conscience serait donc pour nous impossible à résoudre. Mystérianisme
1%
Théorie épistémologique selon laquelle le monde physique n'existe pas, mais serait plutôt un ensemble de stimuli sensoriel relativement perceptible. Phénoménisme
1%
Philosophie que certaines affirmations peuvent être à la fois vraies ou fausses. Croyance en la contradiction. Dialéthéisme
0%
Idée métaphysique selon laquelle le monde matériel peut être compris comme une force active, dont les mouvements et interactions sont à l'origine de tout phénomènes. Dynamisme
0%
Discours éthique concerné par le développement graduel de la condition humaine par la technologie Extropie
0%
Idée métaphysique que l'humain, par son interférence avec les procédés naturels, peut produire une finalité plus désirable que celles de la nature. Croyance en l'amélioration possible du monde. Méliorisme
0%
Aucun quiz correspondant
Distribution des résultats
% des personnes avec chaque résultat
Percentile par nombre de réponses
Votre historique - résultats
Vous n’avez pas pris ce quiz depuis la dernière actualisation